00228nam a22000857a 4500082001900000100003100019245005200050260003100102300000900133 a621.3823 SAN'O aSACHUNAMAN, F,SANDS, LES G a101 QUESTIONS AND ANSWERS ABOUT HI-FI AD STEREO aENGLANDbW. FOULSHAMc1970 a128P